It'll All Work Out - Phoebe Bridgers (Lyrics) - Statistics

General Stats
  • This quiz has been taken 12 times
  • The average score is 106 of 121
Answer Stats
Answer % Correct
all
100%
and
100%
away
100%
down
100%
goes
100%
her
100%
him
100%
I
100%
in
100%
it
100%
it'll
100%
It'll
100%
let
100%
Never
100%
of
100%
out
100%
so
100%
Sun
100%
That's
100%
the
100%
The
100%
think
100%
way
100%
When
100%
when
100%
work
100%
around
86%
better
86%
Better
86%
black
86%
blue
86%
but
86%
eventually
86%
eyes
86%
had
86%
here
86%
leather
86%
like
86%
mattered
86%
me
86%
most
86%
needed
86%
Now
86%
off
86%
She
86%
she
86%
than
86%
they
86%
was
86%
wasn't
86%
weather
86%
with
86%
wore
86%
works
86%
faded
71%
for
71%
heavy
71%
is
71%
jeans
71%
levee
71%
looked
71%
or
71%
rain
71%
rising
71%
soft
71%
Still
71%
to
71%
water's
71%
wind
71%
pledged
57%
worse
57%
high
43%
apart
29%
There
29%
times
29%
together
29%
were
29%
No matching quizzes found
Score Distribution
Percent of People with Each Score
Percentile by Number Answered
Your Score History
You have not taken this quiz